| 000 | 00882nam a2200265 i 4500 | ||
|---|---|---|---|
| 001 | 172293 | ||
| 003 | ES-MaACL | ||
| 005 | 20250716063335.0 | ||
| 007 | t| | ||
| 008 | 090623s1963 fr |||| | fre d | ||
| 080 | _a291.16(44) | ||
| 080 | _a284.5"15/17" | ||
| 100 | 0 |
_aVoltaire, _d1694-1778 _9115721 |
|
| 245 | 1 | 2 |
_aL'affaire Calas _b: suivi de l'Affaire Sirven, et de la Mort du chevalier de La Barre / _cVoltaire. |
| 260 |
_aParis : _bNouvel office d'édition, _c1963. |
||
| 300 |
_a178 p. ; _c18 cm. |
||
| 490 | 1 |
_aPoche-club ; _v5 |
|
| 650 | 0 | 4 |
_aHugonotes. _913497 |
| 650 | 0 | 4 |
_aLibertad religiosa- _zFrancia. _914418 |
| 740 | 2 | _aL'Affaire Sirven. | |
| 740 | 3 | _aLa mort du chevalier de La Barre. | |
| 830 | 0 |
_aPoche-club ; _v5 _9223285 |
|
| 852 | 4 |
_aES-MaACL _jE-12724 _9R.140285 _z. - Biblioteca Jacinto Martínez Lacalle |
|
| 999 |
_c172293 _d172293 |
||